[Event "EGY-ch"]
[Site "Cairo"]
[Date "2013.04.03"]
[Round "9"]
[White "Elhares, Alaa"]
[Black "Kandil, Adham"]
[Result "1-0"]
[WhiteElo "1890"]
[BlackElo "1759"]
[PlyCount "125"]
[EventDate "2013.03.26"]
[EventType "swiss"]
[EventRounds "9"]
[EventCountry "EGY"]
[SourceTitle "CBM 153 Extra"]
[Source "ChessBase"]
[SourceDate "2013.04.22"]
[SourceVersion "1"]
[SourceVersionDate "2013.04.22"]
[SourceQuality "1"]

1. d4 c5 2. d5 Nf6 3. c4 a6 4. a4 e6 5. Nc3 exd5 6. cxd5 d6 7. Nf3 g6 8. e4 Bg4 9. Be2 Nbd7 10. 0-0 Bg7 11. Nd2 Bxe2 12. Qxe2 0-0 13. Nc4 Nb6 14. Ne3 Qe7 15. f3 h6 16. Qc2 Nh7 17. Ne2 Rae8 18. Bd2 Nf6 19. Rae1 Nbd7 20. a5 Ne5 21. b3 Rc8 22. Nc4 Nfd7 23. Bc3 Rce8 24. Nc1 g5 25. Ne3 f6 26. Nf5 Qd8 27. Nxd6 Re7 28. Nf5 Ref7 29. Ne2 Ng6 30. Neg3 Kh7 31. Nd6 Re7 32. Ngf5 Nde5 33. Nxe7 Qxe7 34. Nf5 Qc7 35. g3 h5 36. Bxe5 fxe5 37. Qc3 Bf6 38. Rc1 Rc8 39. Rfd1 h4 40. d6 Qd7 41. Qc4 Kh8 42. Rd5 Nf8 43. Rxc5 Rxc5 44. Qxc5 Ne6 45. Qc8+ Qxc8 46. Rxc8+ Kh7 47. d7 hxg3 48. hxg3 Nd8 49. Nd6 Be7 50. Rxd8 Bxd8 51. Nxb7 Bc7 52. d8Q Bxd8 53. Nxd8 Kg7 54. Ne6+ Kf6 55. Nc5 Ke7 56. Nxa6 Kd6 57. b4 Kc6 58. Nb8+ Kc7 59. b5 Kxb8 60. f4 gxf4 61. gxf4 exf4 62. e5 Kc7 63. a6 1-0

[Event "EGY-ch"]
[Site "Cairo"]
[Date "2013.03.27"]
[Round "2"]
[White "El Ghazali, Youssef M"]
[Black "Elhares, Alaa"]
[Result "1-0"]
[WhiteElo "2261"]
[BlackElo "1890"]
[PlyCount "99"]
[EventDate "2013.03.26"]
[EventType "swiss"]
[EventRounds "9"]
[EventCountry "EGY"]
[SourceTitle "CBM 153 Extra"]
[Source "ChessBase"]
[SourceDate "2013.04.22"]
[SourceVersion "1"]
[SourceVersionDate "2013.04.22"]
[SourceQuality "1"]

1. Nf3 Nf6 2. c4 g6 3. Nc3 c5 4. d4 cxd4 5. Nxd4 Nc6 6. e4 d6 7. Be2 Bg7 8. Be3 0-0 9. 0-0 Bd7 10. f4 Rc8 11. Kh1 a6 12. Rc1 Nxd4 13. Bxd4 Bc6 14. Bf3 b5 15. cxb5 axb5 16. a3 Nd7 17. Bxg7 Kxg7 18. Qe2 Qb6 19. Nd5 Bxd5 20. exd5 Rxc1 21. Rxc1 Re8 22. Qd2 Rb8 23. Rc6 Qa7 24. h3 b4 25. axb4 Qb7 26. Qc3+ Nf6 27. Rc4 h5 28. Kh2 Qb6 29. Qd4 Qxd4 30. Rxd4 Rb5 31. Kg3 Kf8 32. Kf2 Ke8 33. Ke3 Kd7 34. Kd3 e5 35. dxe6+ fxe6 36. Kc4 Rb8 37. b5 Ke7 38. Bc6 d5+ 39. Kb4 Kd6 40. Rd1 Ne4 41. Rc1 h4 42. b3 Rf8 43. b6 Nf2 44. Kb5 d4 45. b7 d3 46. Bf3 Kd7 47. Rf1 Kc7 48. Rxf2 Rxf4 49. Ra2 d2 50. Rc2+ 1-0

[Event "EGY-ch"]
[Site "Cairo"]
[Date "2013.03.26"]
[Round "1"]
[White "Elhares, Alaa"]
[Black "Sarwat, Walaa"]
[Result "0-1"]
[WhiteElo "1890"]
[BlackElo "2313"]
[PlyCount "66"]
[EventDate "2013.03.26"]
[EventType "swiss"]
[EventRounds "9"]
[EventCountry "EGY"]
[SourceTitle "CBM 153 Extra"]
[Source "ChessBase"]
[SourceDate "2013.04.22"]
[SourceVersion "1"]
[SourceVersionDate "2013.04.22"]
[SourceQuality "1"]

1. d4 d5 2. c4 c6 3. Nf3 Nf6 4. Nc3 g6 5. e3 Bg7 6. Be2 0-0 7. 0-0 Qd6 8. Qb3 Nbd7 9. Rd1 b6 10. cxd5 cxd5 11. Bd2 a6 12. Rac1 b5 13. Nb1 Nb6 14. Bb4 Qe6 15. Qd3 Nc4 16. Rc2 Ne4 17. b3 Ncd6 18. Rc7 Qf6 19. Rf1 Bf5 20. Qd1 a5 21. Bxd6 Qxd6 22. Rc1 b4 23. Nfd2 Nf6 24. g4 Be6 25. g5 Nd7 26. f4 Rfc8 27. Nf3 Bh3 28. Rf2 f6 29. Bf1 Bf5 30. h4 Nb6 31. Rxc8+ Rxc8 32. Bd3 Qe6 33. Bxf5 Qxf5 0-1

[Event "EGY-chT 1112"]
[Site "Egypt"]
[Date "2012.06.08"]
[Round "12.6"]
[White "Elhares, Alaa"]
[Black "Magdy, Ahmed"]
[Result "1/2-1/2"]
[WhiteElo "1864"]
[BlackElo "1738"]
[PlyCount "31"]
[EventDate "2011.11.04"]
[EventType "team-swiss"]
[EventRounds "12"]
[EventCountry "EGY"]
[SourceTitle "EXT 2014"]
[Source "ChessBase"]
[SourceDate "2013.11.20"]
[SourceVersion "1"]
[SourceVersionDate "2013.11.20"]
[SourceQuality "1"]

1. d4 d5 2. c4 e6 3. Nf3 Nf6 4. Nc3 Be7 5. Bg5 0-0 6. e3 Nbd7 7. Bd3 dxc4 8. Bxc4 c5 9. 0-0 cxd4 10. exd4 Nb6 11. Bd3 h6 12. Bh4 Nfd5 13. Bxe7 Qxe7 14. Rc1 Bd7 15. Ne5 Rac8 16. Re1 1/2-1/2